[Event "Manitoba-ch"]
[Site "Winnipeg CAN"]
[Date "2012.05.06"]
[Round "1"]
[White "Kaptsan, Aron"]
[Black "Vincent, Trevor"]
[Result "1/2-1/2"]
[WhiteElo "2019"]
[BlackElo "2173"]
[PlyCount "94"]
[GameId "2160767909509616"]
[EventDate "2012.04.24"]
[EventType "k.o."]
[EventRounds "3"]
[EventCountry "CAN"]
[SourceTitle "EXT 2019"]
[Source "ChessBase"]
[SourceDate "2018.10.10"]
[SourceVersion "1"]
[SourceVersionDate "2018.10.10"]
[SourceQuality "1"]

1. d4 Nf6 2. c4 g6 3. Nc3 d5 4. Bd2 dxc4 5. Qa4+ c6 6. Qxc4 Bg7 7. Nf3 Bf5 8. e3 O-O 9. Be2 Nbd7 10. O-O e5 11. Rfd1 e4 12. Ne1 Be6 13. Qa4 Re8 14. Qc2 Rc8 15. b4 Nb6 16. Rac1 Qd6 17. a3 Bg4 18. h3 Bxe2 19. Nxe2 Nbd5 20. Qa4 a6 21. Nc2 b5 22. Qb3 Nb6 23. Na1 Nfd5 24. Qa2 Nc4 25. Nb3 f5 26. Nc5 Ra8 27. Nb7 Qe7 28. Na5 Nxa5 29. bxa5 Rac8 30. Rc5 Qe6 31. Rdc1 Bf8 32. R5c2 Kf7 33. Qb3 Rc7 34. Nc3 Nf6 35. Qb2 Rec8 36. Na2 c5 37. dxc5 Rxc5 38. Bb4 Rxc2 39. Rxc2 Rxc2 40. Qxc2 Nd5 41. Bxf8 Kxf8 42. Qc5+ Ke8 43. Nb4 Nxb4 44. axb4 h5 45. h4 Kd7 46. g3 Qd6 47. Qa7+ Ke6 1/2-1/2

[Event "Manitoba-ch"]
[Site "Winnipeg CAN"]
[Date "2012.05.06"]
[Round "1"]
[White "Lipnowski, Samuel"]
[Black "Boron, Anthony"]
[Result "1/2-1/2"]
[WhiteElo "2202"]
[BlackElo "1959"]
[PlyCount "36"]
[GameId "2160767909509617"]
[EventDate "2012.04.24"]
[EventType "k.o."]
[EventRounds "3"]
[EventCountry "CAN"]
[SourceTitle "EXT 2019"]
[Source "ChessBase"]
[SourceDate "2018.10.10"]
[SourceVersion "1"]
[SourceVersionDate "2018.10.10"]
[SourceQuality "1"]

1. d4 e6 2. e4 d5 3. Nc3 dxe4 4. Nxe4 Bd7 5. Nf3 Bc6 6. Bd3 Nd7 7. O-O Ngf6 8. Qe2 Nxe4 9. Bxe4 Bxe4 10. Qxe4 c6 11. Bg5 Be7 12. Bxe7 Qxe7 13. Qf4 O-O 14. Qc7 Rab8 15. Ne5 Rfd8 16. Nxd7 Qxd7 17. Qxd7 Rxd7 18. c3 a5 1/2-1/2

[Event "Manitoba-ch"]
[Site "Winnipeg CAN"]
[Date "2012.05.06"]
[Round "1"]
[White "Melamedoff, Gustavo"]
[Black "Babb, Jeff"]
[Result "1/2-1/2"]
[WhiteElo "2040"]
[BlackElo "2144"]
[PlyCount "82"]
[GameId "2160767909509618"]
[EventDate "2012.04.24"]
[EventType "k.o."]
[EventRounds "3"]
[EventCountry "CAN"]
[SourceTitle "EXT 2019"]
[Source "ChessBase"]
[SourceDate "2018.10.10"]
[SourceVersion "1"]
[SourceVersionDate "2018.10.10"]
[SourceQuality "1"]

1. g3 Nf6 2. c4 g6 3. Bg2 Bg7 4. Nc3 d6 5. Nf3 O-O 6. O-O Nc6 7. d3 e5 8. Bg5 h6 9. Bxf6 Bxf6 10. Rb1 Be6 11. b4 a6 12. a4 a5 13. b5 Nb4 14. Nd2 Rb8 15. Nd5 Nxd5 16. cxd5 Bd7 17. Nc4 b6 18. Rc1 Qe7 19. e4 h5 20. Ne3 Rbc8 21. Rc4 Bg5 22. f4 Bh6 23. Qe2 f6 24. f5 Bxe3+ 25. Qxe3 g5 26. Kf2 Qh7 27. h3 Be8 28. Rfc1 Rf7 29. Rh1 Rd8 30. Bf3 Rg7 31. g4 h4 32. Rhc1 Rdd7 33. Bd1 Rge7 34. Kf3 Qg7 35. Bb3 Qf8 36. R1c3 Bf7 37. Qc1 Qb8 38. Rc6 Kg7 39. Qe3 Qd8 40. Qc1 Qb8 41. Qe3 Qd8 1/2-1/2

[Event "Manitoba-ch"]
[Site "Winnipeg CAN"]
[Date "2012.06.05"]
[Round "2"]
[White "Li, Kevin"]
[Black "Lipnowski, Samuel"]
[Result "0-1"]
[WhiteElo "2097"]
[BlackElo "2202"]
[PlyCount "110"]
[GameId "2160767909509619"]
[EventDate "2012.04.24"]
[EventType "k.o."]
[EventRounds "3"]
[EventCountry "CAN"]
[SourceTitle "EXT 2019"]
[Source "ChessBase"]
[SourceDate "2018.10.10"]
[SourceVersion "1"]
[SourceVersionDate "2018.10.10"]
[SourceQuality "1"]

1. e4 e5 2. Nf3 Nc6 3. Bb5 Nf6 4. O-O Nxe4 5. d4 Nd6 6. Bxc6 dxc6 7. dxe5 Nf5 8. Qxd8+ Kxd8 9. c4 h6 10. Nc3 Be6 11. b3 c5 12. Rd1+ Kc8 13. a4 a5 14. Nd5 Ne7 15. Bb2 Ng6 16. Nd2 b6 17. Nf1 Kb7 18. g3 Rd8 19. f4 Bg4 20. Rd2 Ne7 21. Nde3 Rxd2 22. Nxd2 Be6 23. Re1 Nf5 24. Nc2 Be7 25. g4 Rd8 26. gxf5 Rxd2 27. fxe6 Rxc2 28. exf7 Rxb2 29. f5 Rxb3 30. f6 gxf6 31. exf6 Bf8 32. Kg2 Rd3 33. Re8 Rd6 34. Rxf8 Rxf6 35. Kg3 c6 36. h4 b5 37. h5 b4 38. Rh8 Rxf7 39. Rxh6 Rf1 40. Re6 Rh1 41. Kg4 Kc7 42. Kg5 Rg1+ 43. Kf6 Rh1 44. Kg6 Rh4 45. h6 Rxc4 46. Kg5 Rc1 47. Re4 Rg1+ 48. Kh5 Rg8 49. h7 Rh8 50. Re7+ Kd6 51. Rg7 c4 52. Kg6 c3 53. Rg8 Rxh7 54. Kxh7 c2 55. Rg6+ Kc7 0-1

[Event "Manitoba-ch"]
[Site "Winnipeg CAN"]
[Date "2012.06.05"]
[Round "2"]
[White "Vincent, Trevor"]
[Black "Babb, Jeff"]
[Result "1-0"]
[WhiteElo "2173"]
[BlackElo "2144"]
[PlyCount "97"]
[GameId "2160767909509620"]
[EventDate "2012.04.24"]
[EventType "k.o."]
[EventRounds "3"]
[EventCountry "CAN"]
[SourceTitle "EXT 2019"]
[Source "ChessBase"]
[SourceDate "2018.10.10"]
[SourceVersion "1"]
[SourceVersionDate "2018.10.10"]
[SourceQuality "1"]

1. c4 e5 2. g3 Nc6 3. Nc3 g6 4. Bg2 Bg7 5. e4 d6 6. Nge2 Nge7 7. d3 O-O 8. O-O Nd4 9. Nxd4 exd4 10. Ne2 a5 11. Bd2 c5 12. a3 a4 13. b4 axb3 14. Qxb3 Nc6 15. Nf4 Ne5 16. Nd5 Ra6 17. f4 Ng4 18. f5 Be5 19. Ra2 g5 20. Bf3 Nxh2 21. Kxh2 g4 22. Bg2 Qh4+ 23. Kg1 Bxg3 24. Rb1 h5 25. Kf1 Qh2 26. Bh6 Qh4 27. Bxf8 Kxf8 28. Qd1 Be5 29. Qd2 Kg7 30. Ke2 Qg3 31. Kd1 Qh4 32. Kc2 Qd8 33. Rf1 f6 34. Rh1 Qe8 35. Nc7 Qa4+ 36. Kb2 Rb6+ 37. Ka1 Qb3 38. Nb5 Rxb5 39. cxb5 Qf7 40. Qc2 b6 41. Kb1 Bd7 42. a4 Be8 43. Ra3 Qc7 44. Bf1 Qa7 45. Qd2 Qb7 46. Be2 c4 47. Bxg4 c3 48. Qg2 Kf8 49. Bxh5 1-0

[Event "Manitoba-ch"]
[Site "Winnipeg CAN"]
[Date "2012.06.12"]
[Round "2"]
[White "Babb, Jeff"]
[Black "Vincent, Trevor"]
[Result "1/2-1/2"]
[WhiteElo "2144"]
[BlackElo "2173"]
[PlyCount "91"]
[GameId "2160767909509621"]
[EventDate "2012.04.24"]
[EventType "k.o."]
[EventRounds "3"]
[EventCountry "CAN"]
[SourceTitle "EXT 2019"]
[Source "ChessBase"]
[SourceDate "2018.10.10"]
[SourceVersion "1"]
[SourceVersionDate "2018.10.10"]
[SourceQuality "1"]

1. f4 d5 2. e3 g6 3. Nf3 Bg7 4. Be2 Nf6 5. O-O O-O 6. d3 c5 7. Nc3 d4 8. Ne4 Nd5 9. Nxc5 Qb6 10. Nb3 Nxe3 11. Bxe3 dxe3 12. c3 a5 13. Qc1 a4 14. Nbd4 Nc6 15. Nc2 Bf5 16. Kh1 Rfd8 17. Rd1 Qb5 18. Na3 Qb6 19. Nc4 Qc7 20. Qxe3 b5 21. Nce5 Nxe5 22. fxe5 a3 23. Rab1 axb2 24. Rxb2 Qxc3 25. Rb3 Qc2 26. Ne1 Qxa2 27. Rxb5 Bh6 28. Qf3 Ra4 29. Qf1 Ra5 30. Rxa5 Qxa5 31. Nf3 Be3 32. h3 Bd4 33. Qe1 Bc3 34. Qh4 Bxe5 35. Qxe7 Bg7 36. Ng5 Rf8 37. Ne4 Qe5 38. Qxe5 Bxe5 39. Bf3 Rd8 40. g4 Bd7 41. d4 Ba4 42. Rd2 Rxd4 43. Rxd4 Bxd4 44. Kg2 Kg7 45. g5 Bd7 46. Ng3 1/2-1/2

[Event "Manitoba-ch"]
[Site "Winnipeg CAN"]
[Date "2012.06.12"]
[Round "2"]
[White "Lipnowski, Samuel"]
[Black "Li, Kevin"]
[Result "0-1"]
[WhiteElo "2202"]
[BlackElo "2097"]
[PlyCount "140"]
[GameId "2160767909509622"]
[EventDate "2012.04.24"]
[EventType "k.o."]
[EventRounds "3"]
[EventCountry "CAN"]
[SourceTitle "EXT 2019"]
[Source "ChessBase"]
[SourceDate "2018.10.10"]
[SourceVersion "1"]
[SourceVersionDate "2018.10.10"]
[SourceQuality "1"]

1. e4 c5 2. Nf3 Nc6 3. Bb5 Nd4 4. Nxd4 cxd4 5. O-O e6 6. c3 a6 7. Be2 Bc5 8. b4 Ba7 9. Bb2 Qh4 10. d3 dxc3 11. Bxc3 Nf6 12. Nd2 Qf4 13. Nf3 Qc7 14. Rc1 Qd8 15. Bd4 Bxd4 16. Nxd4 Qb6 17. Nc2 d6 18. Qd2 O-O 19. Qe3 Qd8 20. Nd4 Bd7 21. Nb3 b6 22. Nd4 Rc8 23. Rxc8 Qxc8 24. Rc1 Qb7 25. Rc3 e5 26. Nf3 Be6 27. a3 Rd8 28. Qc1 d5 29. Rc7 Qb8 30. Qc6 dxe4 31. dxe4 Bd7 32. Qb7 Qxb7 33. Rxb7 Bb5 34. Bxb5 axb5 35. g3 Nxe4 36. Nxe5 f6 37. Nd7 Nd6 38. Rb8 Rxb8 39. Nxb8 Nc4 40. Nc6 Nxa3 41. Nd4 Kf7 42. Kf1 g6 43. Ke2 Ke7 44. Kd3 Kd6 45. Ne2 Nc4 46. Nc3 Ne5+ 47. Ke2 Nc6 48. Nxb5+ Kd5 49. Nc7+ Kc4 50. Ne8 f5 51. Nf6 h6 52. Ng8 h5 53. h4 Kxb4 54. Ke3 Kc4 55. Nf6 b5 56. Nd7 Ne7 57. Ne5+ Kc3 58. Kf4 b4 59. Nd7 Nd5+ 60. Ke5 Kc4 61. Kd6 b3 62. Ne5+ Kd4 63. Nf3+ Kc3 64. Kxd5 b2 65. Ne5 b1=Q 66. Nxg6 Qe1 67. Nf4 Qxf2 68. Ke5 Qxg3 69. Kxf5 Qg4+ 70. Ke5 Qxh4 0-1

[Event "Manitoba-ch"]
[Site "Winnipeg CAN"]
[Date "2012.06.19"]
[Round "3"]
[White "Vincent, Trevor"]
[Black "Li, Kevin"]
[Result "1/2-1/2"]
[WhiteElo "2173"]
[BlackElo "2097"]
[PlyCount "59"]
[GameId "2160767909509623"]
[EventDate "2012.04.24"]
[EventType "k.o."]
[EventRounds "3"]
[EventCountry "CAN"]
[SourceTitle "EXT 2019"]
[Source "ChessBase"]
[SourceDate "2018.10.10"]
[SourceVersion "1"]
[SourceVersionDate "2018.10.10"]
[SourceQuality "1"]

1. c4 Nf6 2. g3 g6 3. Bg2 Bg7 4. Nc3 O-O 5. Nf3 d6 6. O-O e5 7. d4 Nbd7 8. h3 Re8 9. dxe5 Nxe5 10. Nxe5 dxe5 11. Qxd8 Rxd8 12. Bg5 Rd7 13. Rad1 c6 14. b4 h6 15. Be3 Rxd1 16. Rxd1 Be6 17. b5 Bxc4 18. bxc6 bxc6 19. Rd6 Bd5 20. Nxd5 cxd5 21. Ra6 Rd8 22. Bxa7 Ra8 23. e3 Ne4 24. Ra5 Nc3 25. Bb6 Rxa5 26. Bxa5 d4 27. a3 Bf8 28. exd4 exd4 29. Bf1 Bxa3 30. Bb6 1/2-1/2

[Event "Manitoba-ch"]
[Site "Winnipeg CAN"]
[Date "2012.06.26"]
[Round "3"]
[White "Li, Kevin"]
[Black "Vincent, Trevor"]
[Result "1/2-1/2"]
[WhiteElo "2097"]
[BlackElo "2173"]
[PlyCount "68"]
[GameId "2160767909509624"]
[EventDate "2012.04.24"]
[EventType "k.o."]
[EventRounds "3"]
[EventCountry "CAN"]
[SourceTitle "EXT 2019"]
[Source "ChessBase"]
[SourceDate "2018.10.10"]
[SourceVersion "1"]
[SourceVersionDate "2018.10.10"]
[SourceQuality "1"]

1. e4 c5 2. Nf3 e6 3. Nc3 Nc6 4. d4 cxd4 5. Nxd4 Qc7 6. Nb3 a6 7. Bd3 b5 8. Qe2 Bb7 9. Be3 Nf6 10. f4 d6 11. O-O Be7 12. a4 b4 13. Nb1 e5 14. N1d2 d5 15. fxe5 Nxe5 16. Bd4 O-O 17. Bxe5 Qxe5 18. Rf5 Qe6 19. e5 Nd7 20. Re1 g6 21. Rff1 Rae8 22. Nf3 Bd8 23. Qd2 Qe7 24. Qh6 f5 25. exf6 Qxf6 26. Rxe8 Rxe8 27. Nfd4 Qg5 28. Qxg5 Bxg5 29. Nf3 Bf6 30. Na5 Bc8 31. Nc6 Bxb2 32. Nxb4 Nc5 33. Nxd5 Nxd3 34. cxd3 Kg7 1/2-1/2

[Event "Manitoba-ch U20"]
[Site "Winnipeg CAN"]
[Date "2012.11.04"]
[Round "1.5"]
[White "Wolchock, Theo"]
[Black "Li, Kevin"]
[Result "0-1"]
[WhiteElo "1689"]
[BlackElo "2227"]
[PlyCount "79"]
[GameId "2160767909411592"]
[EventDate "2012.11.05"]
[EventType "tourn"]
[EventRounds "5"]
[EventCountry "CAN"]
[SourceTitle "EXT 2022"]
[Source "ChessBase"]
[SourceDate "2021.10.06"]
[SourceVersion "1"]
[SourceVersionDate "2021.10.06"]
[SourceQuality "1"]

1. c4 Nf6 2. g3 e6 3. Bg2 d5 4. cxd5 exd5 5. Nc3 Be7 6. d4 c6 7. Bg5 O-O 8. e3 Bf5 9. Nge2 h6 10. Bxf6 Bxf6 11. O-O Re8 12. Rc1 Nd7 13. Qd2 Nb6 14. b3 a5 15. a4 Be7 16. Nf4 Ba3 17. Rcd1 Nd7 18. Rfe1 Qb6 19. Qa2 Bb4 20. Rc1 Nf6 21. Re2 Qd8 22. Bf3 g5 23. Nh5 Ne4 24. Nxe4 dxe4 25. Bg2 Bg4 26. Rec2 Bxh5 27. Bh3 Bf3 28. Bg2 Qd7 29. Rc4 Rad8 30. Qc2 Bxg2 31. Kxg2 Qg4 32. h3 Qf3+ 33. Kh2 Rd5 34. Rf1 Re6 35. Qb2 h5 36. Rc2 h4 37. g4 Bd6+ 38. Kg1 Qxh3 39. f3 exf3 40. Rh2 0-1

[Event "Manitoba-ch U20"]
[Site "Winnipeg CAN"]
[Date "2012.11.04"]
[Round "2.5"]
[White "Baron, Cody"]
[Black "Wolchock, Theo"]
[Result "0-1"]
[WhiteElo "1826"]
[BlackElo "1689"]
[PlyCount "59"]
[GameId "2160767909411593"]
[EventDate "2012.11.05"]
[EventType "tourn"]
[EventRounds "5"]
[EventCountry "CAN"]
[SourceTitle "EXT 2022"]
[Source "ChessBase"]
[SourceDate "2021.10.06"]
[SourceVersion "1"]
[SourceVersionDate "2021.10.06"]
[SourceQuality "1"]

1. e4 d5 2. exd5 c6 3. dxc6 Nxc6 4. Nf3 Bg4 5. Bc4 Nf6 6. Nc3 e6 7. h3 Bxf3 8. Qxf3 Bc5 9. d3 h6 10. Bf4 O-O 11. O-O Qd7 12. Bxh6 Nd4 13. Qg3 Nf5 14. Qg5 Be7 15. Bxg7 Nxg7 16. Qh6 Rac8 17. Rfe1 Rc5 18. g4 Qd4 19. g5 Nf5 20. gxf6 Nxh6 21. fxe7 Re8 22. Re4 Qg7+ 23. Kf1 Rf5 24. Ke2 Qg2 25. Rf1 Qxh3 26. Rg1+ Kh8 27. Rg3 Qh2 28. Nd1 Qh5+ 29. Ke1 Rg5 30. d4 0-1

[Event "Manitoba-ch U20"]
[Site "Winnipeg CAN"]
[Date "2012.11.04"]
[Round "3"]
[White "Baron, Cody"]
[Black "Li, Kevin"]
[Result "0-1"]
[WhiteElo "1826"]
[BlackElo "2227"]
[PlyCount "56"]
[GameId "2160767909411595"]
[EventDate "2012.11.05"]
[EventType "tourn"]
[EventRounds "5"]
[EventCountry "CAN"]
[SourceTitle "EXT 2022"]
[Source "ChessBase"]
[SourceDate "2021.10.06"]
[SourceVersion "1"]
[SourceVersionDate "2021.10.06"]
[SourceQuality "1"]

1. d4 f5 2. c4 Nf6 3. g3 e6 4. Bg2 d5 5. Bg5 c6 6. Nd2 Be7 7. Ngf3 Nbd7 8. O-O O-O 9. Rc1 h6 10. Bf4 Qe8 11. e3 Ne4 12. Ne5 g5 13. Nxd7 gxf4 14. Nxf8 fxg3 15. fxg3 Bxf8 16. Nxe4 dxe4 17. Rc2 b6 18. g4 Qg6 19. gxf5 exf5 20. Kh1 Kh7 21. Rcf2 Bd6 22. Bxe4 fxe4 23. Rf6 Qg5 24. Rxd6 Bg4 25. Qd2 Rg8 26. Rdf6 Bf3+ 27. R6xf3 exf3 28. Qf2 Qg2+ 0-1

[Event "Manitoba-ch U20"]
[Site "Winnipeg CAN"]
[Date "2012.11.04"]
[Round "3.5"]
[White "Wolchock, Theo"]
[Black "Wasserman, Leor"]
[Result "0-1"]
[WhiteElo "1689"]
[BlackElo "1970"]
[PlyCount "54"]
[GameId "2160767909411597"]
[EventDate "2012.11.05"]
[EventType "tourn"]
[EventRounds "5"]
[EventCountry "CAN"]
[SourceTitle "EXT 2022"]
[Source "ChessBase"]
[SourceDate "2021.10.06"]
[SourceVersion "1"]
[SourceVersionDate "2021.10.06"]
[SourceQuality "1"]

1. c4 Nf6 2. g3 c5 3. Bg2 g6 4. Nc3 Bg7 5. e3 e6 6. Nge2 d5 7. cxd5 exd5 8. d4 cxd4 9. exd4 O-O 10. O-O Nc6 11. Bg5 Be6 12. Nf4 Ne7 13. Nxe6 fxe6 14. Re1 h6 15. Bf4 g5 16. Bd2 Qb6 17. Bc1 Nf5 18. Bh3 Rae8 19. Na4 Qxd4 20. Bxf5 Qxd1 21. Bxe6+ Rxe6 22. Rxd1 Ng4 23. Rxd5 Re1+ 24. Kg2 Rxf2+ 25. Kh3 h5 26. Rd2 Ree2 27. Rxe2 Rxe2 0-1

[Event "Manitoba-ch U20"]
[Site "Winnipeg CAN"]
[Date "2012.11.04"]
[Round "4.5"]
[White "Li, Kevin"]
[Black "Wasserman, Leor"]
[Result "1/2-1/2"]
[WhiteElo "2227"]
[BlackElo "1970"]
[PlyCount "69"]
[GameId "2160767909411598"]
[EventDate "2012.11.05"]
[EventType "tourn"]
[EventRounds "5"]
[EventCountry "CAN"]
[SourceTitle "EXT 2022"]
[Source "ChessBase"]
[SourceDate "2021.10.06"]
[SourceVersion "1"]
[SourceVersionDate "2021.10.06"]
[SourceQuality "1"]

1. e4 c5 2. Nf3 d6 3. d4 cxd4 4. Nxd4 Nf6 5. Nc3 a6 6. Be2 e6 7. O-O Be7 8. a4 O-O 9. Be3 Bd7 10. f4 Nc6 11. Nb3 a5 12. Bf3 Qb8 13. Qe2 Nb4 14. Rfd1 Bc6 15. Qf2 Nd7 16. Rd2 b6 17. Nd4 Nc5 18. Nxc6 Nxc6 19. Nb5 Rd8 20. b3 Na7 21. Nd4 Qc7 22. Rad1 Rac8 23. f5 Bf6 24. Qg3 Bxd4 25. Rxd4 e5 26. R4d2 f6 27. Qh4 Nc6 28. Bxc5 dxc5 29. Be2 Rxd2 30. Rxd2 Rd8 31. Bc4+ Kh8 32. Qe1 Rd6 33. Bd5 Nb4 34. Qd1 Qd8 35. c4 1/2-1/2

[Event "Maritime op"]
[Site "Halifax CAN"]
[Date "2012.10.06"]
[Round "1"]
[White "Dorrance, Adam"]
[Black "Cashin, Ken"]
[Result "1-0"]
[WhiteElo "2071"]
[BlackElo "1754"]
[PlyCount "101"]
[GameId "2160767909411908"]
[EventDate "2012.10.06"]
[EventType "swiss"]
[EventRounds "6"]
[EventCountry "CAN"]
[SourceTitle "EXT 2022"]
[Source "ChessBase"]
[SourceDate "2021.10.06"]
[SourceVersion "1"]
[SourceVersionDate "2021.10.06"]
[SourceQuality "1"]

1. d4 d5 2. Nf3 Nf6 3. g3 c6 4. Bg2 Bg4 5. O-O e6 6. Nbd2 Be7 7. c4 Bxf3 8. Nxf3 Nbd7 9. Bf4 Qb6 10. Qc2 O-O 11. c5 Qd8 12. b4 Ne4 13. Ne5 f5 14. a4 g5 15. Nxd7 Qxd7 16. Be5 Nf6 17. h3 Rae8 18. Rab1 Bd8 19. b5 Bc7 20. bxc6 Qxc6 21. Bxc7 Qxc7 22. Qb3 Rf7 23. Rb2 Qc6 24. Qb5 Ne4 25. Qxc6 bxc6 26. Bxe4 fxe4 27. a5 e5 28. dxe5 Rxe5 29. e3 Ref5 30. a6 Rf8 31. Rb7 Ra8 32. Rfb1 Raf8 33. R1b2 R5f7 34. Rxf7 Rxf7 35. Rb8+ Rf8 36. Rb6 Rf6 37. Rb7 Rf7 38. h4 g4 39. h5 h6 40. Kf1 Kg7 41. Ke1 Kg8 42. Ke2 Kg7 43. Kd2 Kg8 44. Kc3 Rxf2 45. Rxa7 Ra2 46. Kd4 Ra4+ 47. Ke5 d4 48. Kxe4 dxe3+ 49. Kxe3 Rc4 50. Rb7 Rxc5 51. a7 1-0

[Event "Maritime op"]
[Site "Halifax CAN"]
[Date "2012.10.06"]
[Round "1"]
[White "Enman, Jim"]
[Black "Havik, Victor"]
[Result "0-1"]
[WhiteElo "1785"]
[BlackElo "2094"]
[PlyCount "102"]
[GameId "2160767909411909"]
[EventDate "2012.10.06"]
[EventType "swiss"]
[EventRounds "6"]
[EventCountry "CAN"]
[SourceTitle "EXT 2022"]
[Source "ChessBase"]
[SourceDate "2021.10.06"]
[SourceVersion "1"]
[SourceVersionDate "2021.10.06"]
[SourceQuality "1"]

1. d4 Nf6 2. Nf3 e6 3. Bg5 h6 4. Bxf6 Qxf6 5. e3 c5 6. c4 Nc6 7. Nc3 cxd4 8. exd4 Bb4 9. Be2 Bxc3+ 10. bxc3 b6 11. O-O O-O 12. Rb1 Ba6 13. Qa4 Na5 14. Ne5 d5 15. Nd7 Qe7 16. Nxf8 Kxf8 17. Rfe1 Bxc4 18. Bxc4 Nxc4 19. Qb4 Rc8 20. Qxe7+ Kxe7 21. Re2 Nd6 22. Rc1 Nb5 23. Rec2 Kd7 24. Kf1 g6 25. Ke2 Rc6 26. Kd3 Nd6 27. f3 b5 28. a4 bxa4 29. Ra1 Rc4 30. Rca2 Nb5 31. Rxa4 Rxc3+ 32. Kd2 Rc7 33. Ra5 Nxd4 34. R1a3 Nc6 35. Ra6 Rb7 36. h4 Rb2+ 37. Ke3 Rxg2 38. Rxc6 Kxc6 39. Rxa7 Rh2 40. Rxf7 Rxh4 41. Rf6 d4+ 42. Kd3 Kd5 43. Rxg6 Rh3 44. Ke2 Rh2+ 45. Kd3 Rf2 46. Rxh6 Rxf3+ 47. Kd2 e5 48. Rh5 Ke4 49. Rh4+ Rf4 50. Rh5 Rf2+ 51. Ke1 Ra2 0-1

[Event "Maritime op"]
[Site "Halifax CAN"]
[Date "2012.10.06"]
[Round "1"]
[White "Leonard, Anthony"]
[Black "Rau Chaplin, Max"]
[Result "1-0"]
[WhiteElo "1980"]
[BlackElo "1698"]
[PlyCount "41"]
[GameId "2160767909411910"]
[EventDate "2012.10.06"]
[EventType "swiss"]
[EventRounds "6"]
[EventCountry "CAN"]
[SourceTitle "EXT 2022"]
[Source "ChessBase"]
[SourceDate "2021.10.06"]
[SourceVersion "1"]
[SourceVersionDate "2021.10.06"]
[SourceQuality "1"]

1. e4 d5 2. exd5 Nf6 3. d4 Bg4 4. Nf3 Qxd5 5. Be2 Nc6 6. O-O O-O-O 7. c4 Qh5 8. Be3 Nxd4 9. Bxd4 e5 10. h3 Bd6 11. Be3 e4 12. Nd4 Qe5 13. Bxg4+ Kb8 14. g3 Bc5 15. Nc6+ bxc6 16. Qb3+ Ka8 17. Qc3 Qd6 18. Bxc5 Qxc5 19. Be2 Rhe8 20. Qe3 Qd4 21. Qxd4 1-0

[Event "Maritime op"]
[Site "Halifax CAN"]
[Date "2012.10.06"]
[Round "1"]
[White "MacNeil, Walter"]
[Black "Burrows, Zachary"]
[Result "0-1"]
[WhiteElo "1647"]
[BlackElo "1973"]
[PlyCount "74"]
[GameId "2160767909411911"]
[EventDate "2012.10.06"]
[EventType "swiss"]
[EventRounds "6"]
[EventCountry "CAN"]
[SourceTitle "EXT 2022"]
[Source "ChessBase"]
[SourceDate "2021.10.06"]
[SourceVersion "1"]
[SourceVersionDate "2021.10.06"]
[SourceQuality "1"]

1. d4 d5 2. Nf3 c6 3. e3 Bg4 4. Be2 e6 5. Nbd2 f5 6. c4 Nd7 7. O-O Bd6 8. c5 Bc7 9. b4 Ngf6 10. a4 Qe7 11. Bb2 O-O 12. Ne5 Bxe2 13. Qxe2 Nxe5 14. dxe5 Nd7 15. f4 Rfc8 16. Nb3 Nf8 17. Nd4 Bd8 18. b5 Ba5 19. Ba3 Bc3 20. Rac1 Bxd4 21. exd4 Rab8 22. Rf3 g6 23. h3 Qc7 24. Bb4 Qd7 25. g4 b6 26. gxf5 exf5 27. cxb6 Rxb6 28. Bxf8 Rxf8 29. e6 Qd6 30. e7 Re8 31. Re3 Qxf4 32. Re6 Qxc1+ 33. Kf2 Qf4+ 34. Ke1 cxb5 35. Rxb6 axb6 36. Qe6+ Kg7 37. Qd7 Qe4+ 0-1

[Event "Maritime op"]
[Site "Halifax CAN"]
[Date "2012.10.06"]
[Round "1"]
[White "McKearney, Ed"]
[Black "Charlton, Glenn"]
[Result "1/2-1/2"]
[WhiteElo "1717"]
[BlackElo "2045"]
[PlyCount "62"]
[GameId "2160767909411912"]
[EventDate "2012.10.06"]
[EventType "swiss"]
[EventRounds "6"]
[EventCountry "CAN"]
[SourceTitle "EXT 2022"]
[Source "ChessBase"]
[SourceDate "2021.10.06"]
[SourceVersion "1"]
[SourceVersionDate "2021.10.06"]
[SourceQuality "1"]

1. d4 Nf6 2. Bf4 g6 3. e3 Bg7 4. Nf3 O-O 5. c3 d6 6. h3 Nbd7 7. Bd3 b6 8. O-O Bb7 9. Nbd2 Qe8 10. Bh2 e5 11. e4 Qe7 12. dxe5 Nxe5 13. Nxe5 dxe5 14. Qc2 Rfd8 15. Rad1 Bh6 16. Nf3 Nd7 17. Qe2 f6 18. Nh4 f5 19. Nf3 f4 20. Ba6 Nc5 21. Bxb7 Nxb7 22. Qc4+ Kh8 23. Rd5 Bg7 24. Rfd1 Nd6 25. Qe2 c6 26. R5d2 Nf7 27. Kh1 Rxd2 28. Rxd2 Rd8 29. Bg1 Rxd2 30. Qxd2 Qd6 31. Qc2 a5 1/2-1/2

[Event "Maritime op"]
[Site "Halifax CAN"]
[Date "2012.10.07"]
[Round "2"]
[White "Burrows, Zachary"]
[Black "Newman, Eric"]
[Result "1/2-1/2"]
[WhiteElo "1973"]
[BlackElo "1818"]
[PlyCount "57"]
[GameId "2160767909411913"]
[EventDate "2012.10.06"]
[EventType "swiss"]
[EventRounds "6"]
[EventCountry "CAN"]
[SourceTitle "EXT 2022"]
[Source "ChessBase"]
[SourceDate "2021.10.06"]
[SourceVersion "1"]
[SourceVersionDate "2021.10.06"]
[SourceQuality "1"]

1. f4 d5 2. Nf3 Nc6 3. d4 Nf6 4. e3 Bg4 5. Bd3 e6 6. O-O Nb4 7. c3 Nxd3 8. Qxd3 h6 9. Qb5+ c6 10. Qxb7 Qc8 11. Qxc8+ Rxc8 12. Ne5 Bf5 13. Nd2 c5 14. Ndf3 Ne4 15. g4 Bh7 16. Nd2 cxd4 17. exd4 f6 18. Nef3 Bd6 19. Nh4 g5 20. Ng2 h5 21. Nxe4 Bxe4 22. fxg5 hxg4 23. Bf4 e5 24. Bg3 fxg5 25. Bxe5 Bxe5 26. dxe5 Rc6 27. Rf6 Rxf6 28. exf6 Rh3 29. Re1 1/2-1/2

[Event "Maritime op"]
[Site "Halifax CAN"]
[Date "2012.10.07"]
[Round "2"]
[White "Havik, Victor"]
[Black "Giacomin, Gordon"]
[Result "1-0"]
[WhiteElo "2094"]
[BlackElo "1927"]
[PlyCount "59"]
[GameId "2160767909411914"]
[EventDate "2012.10.06"]
[EventType "swiss"]
[EventRounds "6"]
[EventCountry "CAN"]
[SourceTitle "EXT 2022"]
[Source "ChessBase"]
[SourceDate "2021.10.06"]
[SourceVersion "1"]
[SourceVersionDate "2021.10.06"]
[SourceQuality "1"]

1. d4 Nf6 2. c4 e6 3. Nc3 Bb4 4. e3 b6 5. Nge2 Bb7 6. a3 Be7 7. Ng3 d5 8. cxd5 Nxd5 9. Bb5+ Nd7 10. O-O O-O 11. e4 Nxc3 12. bxc3 c5 13. Qe2 Nf6 14. Bb2 Qc7 15. Rad1 Rac8 16. Bd3 cxd4 17. cxd4 g6 18. Qe3 Ng4 19. Qe2 Nf6 20. Qd2 Rfd8 21. Rfe1 Ne8 22. e5 Bd5 23. Ne4 Qb7 24. Re3 f5 25. exf6 Nxf6 26. Ng5 Rd6 27. Rde1 Qd7 28. Rh3 Nh5 29. Nxh7 Kxh7 30. Rxh5+ 1-0